[Event "CRO-ch U13"]
[Site "Trogir"]
[Date "2023.06.26"]
[Round "9"]
[White "Lovrekovic, Leo"]
[Black "Sarac, Fran"]
[Result "0-1"]
[WhiteElo "1123"]
[BlackElo "1423"]
[PlyCount "78"]
[EventDate "2023.06.21"]
[EventType "swiss"]
[EventRounds "9"]
[EventCountry "CRO"]
[SourceTitle "EXT 2024"]
[Source "ChessBase"]
[SourceDate "2023.10.10"]
[SourceVersion "1"]
[SourceVersionDate "2023.10.10"]
[SourceQuality "1"]

1. e4 d6 2. d4 Nf6 3. Nc3 c6 4. Bg5 Bg4 5. Be2 Bxe2 6. Qxe2 e5 7. dxe5 dxe5 8. Qf3 Nbd7 9. Nge2 Be7 10. 0-0 Qb6 11. Rab1 0-0 12. Qf5 g6 13. Qf3 Rfe8 14. Rfd1 Qc7 15. Rd2 b5 16. a3 a5 17. Na2 Nxe4 18. Qxe4 Bxg5 19. Rdd1 Nf6 20. Qd3 e4 21. Qd6 Rac8 22. g3 Qb6 23. h4 Rcd8 24. Qxd8 Rxd8 25. hxg5 Ng4 26. Rxd8+ Qxd8 27. Nec3 Qd2 28. Rf1 e3 29. Ne4 Qd4 30. Nf6+ Kg7 31. Nxg4 Qxg4 32. fxe3 Qxg3+ 33. Kh1 Qh3+ 34. Kg1 Qxe3+ 35. Kh1 Qh3+ 36. Kg1 Qg3+ 37. Kh1 Qh4+ 38. Kg2 Qxg5+ 39. Kf2 Qd2+ 0-1

[Event "CRO-ch U13"]
[Site "Trogir"]
[Date "2023.06.25"]
[Round "7"]
[White "Zufika Mardjetko, Gaspar"]
[Black "Lovrekovic, Leo"]
[Result "1-0"]
[WhiteElo "1540"]
[BlackElo "1123"]
[PlyCount "147"]
[EventDate "2023.06.21"]
[EventType "swiss"]
[EventRounds "9"]
[EventCountry "CRO"]
[SourceTitle "EXT 2024"]
[Source "ChessBase"]
[SourceDate "2023.10.10"]
[SourceVersion "1"]
[SourceVersionDate "2023.10.10"]
[SourceQuality "1"]

1. c4 e6 2. Nc3 d5 3. cxd5 exd5 4. d4 Nf6 5. g3 Bf5 6. Bg2 c6 7. e3 Bb4 8. Nge2 Qc8 9. Nf4 Bd6 10. Nce2 Nbd7 11. 0-0 Bxf4 12. Nxf4 0-0 13. Re1 Re8 14. Bd2 Nf8 15. Rc1 Ne6 16. Nxd5 Nxd5 17. Bxd5 Qd7 18. Bg2 Ng5 19. h4 Nh3+ 20. Bxh3 Bxh3 21. Qf3 Qf5 22. Qxf5 Bxf5 23. Bb4 Be4 24. Bd6 Rad8 25. Bf4 Rd5 26. Rc5 Rxc5 27. dxc5 Rd8 28. Bd6 h6 29. Rd1 Bd5 30. a3 g6 31. Bf4 Re8 32. Bxh6 Kh7 33. Bf4 b6 34. Bd6 bxc5 35. Bxc5 Rb8 36. b4 a6 37. Re1 f5 38. Kh2 Bf3 39. Rc1 Rd8 40. Bd4 Kh6 41. Rc5 Re8 42. Ra5 Ra8 43. Re5 Be4 44. Re7 Rg8 45. Bf6 Bd5 46. Bg5+ Kh5 47. Kh3 Rh8 48. Bf6 Rh6 49. Re5 Bf3 50. e4 Bg4+ 51. Kg2 Rh7 52. f3 Rd7 53. fxg4+ Kxg4 54. exf5 gxf5 55. Rc5 Rd2+ 56. Kf1 Rd6 57. Be5 Re6 58. Bf4 Kf3 59. Rxf5 Re8 60. Rf6 Rc8 61. h5 Rh8 62. h6 Rh7 63. Rxc6 Rd7 64. Ke1 Re7+ 65. Kd1 Rd7+ 66. Kc2 Re7 67. Rc7 Re2+ 68. Kb3 Rh2 69. h7 Rh3 70. Be5 Kg4 71. h8Q Rxh8 72. Bxh8 Kxg3 73. Rf7 Kh4 74. Rg7 1-0

[Event "CRO-ch U11"]
[Site "Trogir"]
[Date "2021.06.22"]
[Round "6"]
[White "Lovrekovic, Leo"]
[Black "Kucelj, Kevin"]
[Result "0-1"]
[WhiteElo "1197"]
[BlackElo "1383"]
[PlyCount "82"]
[EventDate "2021.06.19"]
[EventType "swiss"]
[EventRounds "9"]
[EventCountry "CRO"]
[SourceTitle "EXT 2022"]
[Source "ChessBase"]
[SourceDate "2021.10.06"]
[SourceVersion "1"]
[SourceVersionDate "2021.10.06"]
[SourceQuality "1"]

1. e4 c5 2. Nf3 d6 3. Bb5+ Bd7 4. Nc3 Nf6 5. Bxd7+ Qxd7 6. 0-0 g6 7. d3 Bg7 8. h3 Nc6 9. d4 cxd4 10. Nxd4 Nxe4 11. Nxc6 Nxc3 12. bxc3 Qxc6 13. Bd2 0-0 14. Rb1 b6 15. Rb3 e5 16. Qc1 Rfe8 17. Re1 Re6 18. Bg5 Qc5 19. Qd1 e4 20. Qd2 Rae8 21. Kh1 Qa5 22. a3 Re5 23. Be3 Rd5 24. Qe2 Bxc3 25. Rd1 Rxd1+ 26. Qxd1 Be5 27. Bh6 Qc5 28. f4 exf3 29. Rxf3 Bc3 30. Qd3 Re1+ 31. Kh2 Be5+ 32. Rf4 Qg1+ 33. Kg3 Re3+ 34. Qxe3 Qxe3+ 35. Kg4 f5+ 36. Kh4 Bxf4 37. Bxf4 Qxf4+ 38. g4 g5+ 39. Kh5 fxg4 40. hxg4 Qf6 41. c4 Qg6# 0-1

[Event "CRO-ch U11"]
[Site "Trogir"]
[Date "2021.06.21"]
[Round "4"]
[White "Apostolovski, Filip"]
[Black "Lovrekovic, Leo"]
[Result "1/2-1/2"]
[WhiteElo "1818"]
[BlackElo "1197"]
[PlyCount "114"]
[EventDate "2021.06.19"]
[EventType "swiss"]
[EventRounds "9"]
[EventCountry "CRO"]
[SourceTitle "EXT 2022"]
[Source "ChessBase"]
[SourceDate "2021.10.06"]
[SourceVersion "1"]
[SourceVersionDate "2021.10.06"]
[SourceQuality "1"]

1. d4 d5 2. Bf4 Nf6 3. Nf3 Nc6 4. e3 a6 5. c3 Bg4 6. Nbd2 e6 7. Bd3 Bd6 8. Bg3 0-0 9. Qc2 Re8 10. 0-0-0 e5 11. dxe5 Bxe5 12. Rdf1 Bxg3 13. hxg3 g6 14. Ng5 Nh5 15. Nh3 Ne5 16. Nf4 Nxd3+ 17. Qxd3 Nf6 18. Nf3 Bf5 19. Qd2 c6 20. Qe2 a5 21. Nd4 Qd7 22. Nxf5 Qxf5 23. Qc2 Qe4 24. Qxe4 Rxe4 25. Rd1 Ra4 26. a3 Ne4 27. Rhf1 Nc5 28. Nd3 Nxd3+ 29. Rxd3 b5 30. Rfd1 Rb8 31. f3 Ra8 32. Kb1 b4 33. Rd4 Rb8 34. Re1 Kg7 35. e4 c5 36. Rxd5 bxa3 37. Re2 Rc4 38. Ka2 axb2 39. Rxb2 Ra4+ 40. Kb1 Rxb2+ 41. Kxb2 h5 42. Rxc5 Kh6 43. Rc7 Kg7 44. e5 Kf8 45. Ra7 h4 46. gxh4 Rxh4 47. Rxa5 Rh2 48. c4 Rxg2+ 49. Kc1 Rg3 50. Ra3 Ke7 51. Rd3 Rg5 52. Kd2 Rxe5 53. Re3 Rxe3 54. Kxe3 Kd6 55. Kf4 Kc5 56. Kg5 Kxc4 57. Kf6 Kd4 1/2-1/2

[Event "CRO-ch U11"]
[Site "Trogir"]
[Date "2020.08.29"]
[Round "9"]
[White "Lovrekovic, Leo"]
[Black "Rehak, Bozidar"]
[Result "0-1"]
[WhiteElo "1724"]
[BlackElo "1087"]
[PlyCount "96"]
[EventDate "2020.08.24"]
[EventType "swiss"]
[EventRounds "9"]
[EventCountry "CRO"]
[SourceTitle "CBM 198 Extra"]
[Source "ChessBase"]
[SourceDate "2020.11.30"]
[SourceVersion "1"]
[SourceVersionDate "2020.11.30"]
[SourceQuality "1"]

1. e4 e5 2. Nf3 Nc6 3. Bb5 d6 4. c3 Nf6 5. Qe2 Be7 6. d3 h6 7. 0-0 0-0 8. h3 a6 9. Ba4 b5 10. Bb3 Be6 11. Bc2 Nh7 12. Rd1 Bd7 13. Nbd2 Ng5 14. Nxg5 Bxg5 15. Nf3 Bxc1 16. Raxc1 Qf6 17. Qe3 Ne7 18. Kh2 Ng6 19. g3 Nh8 20. Bb3 Qg6 21. Bd5 Rab8 22. Kg2 Qh5 23. Rh1 Be6 24. Bb3 Bd7 25. Bd1 Qg6 26. Nh4 Qf6 27. Qf3 Qg5 28. Qe3 Qf6 29. Qa7 Ng6 30. Nxg6 fxg6 31. Bc2 c5 32. Rcf1 Qf3+ 33. Kg1 Qe2 34. Bd1 Qxb2 35. Qxd7 Rf6 36. Bb3+ Kh7 37. Rh2 Rbf8 38. Qa7 Qxc3 39. Qxa6 Qxd3 40. Bd5 Qxg3+ 41. Kh1 g5 42. Qxb5 Qf3+ 43. Kg1 g4 44. hxg4 Rg6 45. Rg2 Rxg4 46. Rxg4 Qxg4+ 47. Kh2 Rf3 48. Be6 Rh3# 0-1

[Event "CRO-ch U11"]
[Site "Trogir"]
[Date "2020.08.26"]
[Round "5"]
[White "Lovrekovic, Leo"]
[Black "Radic, Borna"]
[Result "1-0"]
[WhiteElo "1724"]
[BlackElo "1231"]
[PlyCount "35"]
[EventDate "2020.08.24"]
[EventType "swiss"]
[EventRounds "9"]
[EventCountry "CRO"]
[SourceTitle "CBM 198 Extra"]
[Source "ChessBase"]
[SourceDate "2020.11.30"]
[SourceVersion "1"]
[SourceVersionDate "2020.11.30"]
[SourceQuality "1"]

1. e4 d5 2. exd5 Qxd5 3. Nc3 Qa5 4. Nf3 Bg4 5. h3 Bh5 6. d4 c6 7. Bc4 e6 8. Bd2 Qc7 9. Qe2 Nd7 10. d5 cxd5 11. Nxd5 Qc8 12. Bf4 Bxf3 13. gxf3 e5 14. Bxe5 Nxe5 15. Qxe5+ Ne7 16. Bb5+ Kd8 17. Qd6+ Qd7 18. Qxd7# 1-0

[Event "CRO-ch U11"]
[Site "Trogir"]
[Date "2020.08.25"]
[Round "3"]
[White "Lovrekovic, Leo"]
[Black "Bunic, Pavao"]
[Result "0-1"]
[WhiteElo "1724"]
[BlackElo "1158"]
[PlyCount "82"]
[EventDate "2020.08.24"]
[EventType "swiss"]
[EventRounds "9"]
[EventCountry "CRO"]
[SourceTitle "CBM 198 Extra"]
[Source "ChessBase"]
[SourceDate "2020.11.30"]
[SourceVersion "1"]
[SourceVersionDate "2020.11.30"]
[SourceQuality "1"]

1. e4 e5 2. Nf3 Nc6 3. Bb5 a6 4. Bxc6 dxc6 5. d4 exd4 6. Qxd4 Qxd4 7. Nxd4 Bc5 8. Be3 Nf6 9. f3 0-0 10. 0-0 Rd8 11. c3 Be6 12. Kh1 Rd7 13. Nd2 b5 14. N2b3 Bxb3 15. axb3 b4 16. Rad1 Rad8 17. Rd3 Bxd4 18. cxd4 a5 19. Rc1 Ra8 20. Rxc6 a4 21. bxa4 Rxa4 22. h3 Ra2 23. Rb3 Ra4 24. Rc4 Ra1+ 25. Kh2 h6 26. Rcxb4 c5 27. Rc4 cxd4 28. Rxd4 Rc7 29. Rc3 Rb7 30. Rc2 Rb3 31. e5 Ng4+ 32. fxg4 Rxe3 33. Rd5 Rb3 34. Re2 Ra2 35. e6 fxe6 36. Rxe6 Rbxb2 37. Rd8+ Kh7 38. Kg3 Rxg2+ 39. Kh4 Ra3 40. Ree8 g5+ 41. Kh5 Rxh3# 0-1